000
00333nam a2200145Ia 4500
100
_a
Moltershead/Allen
250
_a
9
942
_c
BK
654
_a
electronic
245
_a
Electronic devices and circuits
260
_b
Prentice Hall of India
_a
New Delhi
_c
1973
082
_a
621.38132
_b
MOT
300
_a
641
546
_a
ENGLISH
999
_c
22849
_d
22849